• 首页
  • 本馆介绍
  • 公告通知
  • 最新文献
  • 馆藏检索
  • 电子资源
  • 读者导购
  • 参考咨询
  • 我的图书馆
  • 登录
  • 详细信息显示
  • 放入我的书架
  • 预约/预借图书
  • 作者相关作品
  • 分类相关作品
  • 丛书相关作品
  • 出版社相关作品

书目信息

  • 表格格式
  • 工作单格式
  • 卡片格式
题名:
台湾攻略
    
 
作者: 《台湾攻略》编辑部编著
分册:  
出版信息: 北京   华夏出版社  2015
页数: 227页
开本: 22cm
丛书名:
单 册:
中图分类: K928.958
科图分类:
主题词: 旅游指南--台湾
电子资源:
ISBN: 978-7-5080-8427-5
000 00732nam0 2200217 450
001 012001002347
005 20140926114740.0
010    @a978-7-5080-8427-5@dCNY49.80
100    @a20150920d2015 em y0chiy50 ea
101 0  @achi
102    @aCN@b110000
105    @aa z 001yy
106    @ar
200 1  @a台湾攻略@9tai wan gong lue@f《台湾攻略》编辑部编著
210    @a北京@c华夏出版社@d2015
215    @a227页@c彩照@d22cm
330    @a本书指引旅游人士畅游台北、台中、日月潭、阿里山、台南、高雄等热门旅游胜地,介绍不可错过的著名景点、特色美食、流行时尚等,将台湾最好玩最好吃最好买的去处尽收眼底。
606 0  @a旅游指南@y台湾
690    @aK928.958@v5
801  0 @aCN@b上海新华@c20180901
905    @b1157880-4@dK928.958@e1099@f5
    
    台湾攻略/《台湾攻略》编辑部编著.-北京:华夏出版社,2015
    227页:彩照;22cm
    
    
    ISBN 978-7-5080-8427-5:CNY49.80
    本书指引旅游人士畅游台北、台中、日月潭、阿里山、台南、高雄等热门旅游胜地,介绍不可错过的著名景点、特色美食、流行时尚等,将台湾最好玩最好吃最好买的去处尽收眼底。
●
相关链接 在E读中查询图书 在五车中查询图书 在当当中查询图书 在豆瓣中查询图书


正题名:台湾攻略     索取号:K928.958/1099         预约/预借

序号 登录号 条形码 馆藏地/架位号 状态 备注
1 1157880   211578808   第二样本阅览室/ [索取号:K928.958/1099] 在馆    
2 1157881   211578817   第二借阅区/ [索取号:K928.958/1099] 在馆    
3 1157882   211578826   第二借阅区/ [索取号:K928.958/1099] 在馆    
4 1157883   211578835   第二借阅区/ [索取号:K928.958/1099] 在馆    
5 1157884   211578844   资源管理系资料室/ [索取号:K928.958/1099] 在馆    
唐山师范学院图书馆 欢迎您!
大连网信软件有限公司© 版权所有